Basic English Grammar
| Main Authors: | , |
|---|---|
| Format: | Section = Libro |
| Language: | Undetermined Spanish |
| Published: |
New York
Pearson Educación
2006
|
| Edition: | 3a.ed. |
| Subjects: |
| LEADER | 00672nam a2200241Ia 4500 | ||
|---|---|---|---|
| 008 | 240829s9999 xx 000 0 und d | ||
| 020 | |a 0-13-195733-3 | ||
| 040 | |a BIBLIOTECA-RUSB/ 428.24 A992 | ||
| 041 | |a spa | ||
| 082 | |a 428.24 A992 | ||
| 100 | 1 | |a Azar, Betty Schrampfer | |
| 100 | 1 | |b Hagen, Stacy A | |
| 245 | 1 | 0 | |a Basic English Grammar |
| 250 | |a 3a.ed. | ||
| 260 | |a New York |b Pearson Educación |c 2006 | ||
| 300 | |a 506 p. :il. | ||
| 650 | 7 | |a INGLES - ENSEÑANZA | |
| 650 | 7 | |b INGLES - GRAMÁTICA | |
| 650 | 7 | |c INGLES - EJERCICIOS DE REDACCIÓN | |
| 650 | 7 | |d INGLES BÁSICO - PROBLEMAS - EJERCICIOS - ETC | |
| 942 | |c BK |2 ddc | ||
| 991 | |a TEXTO | ||
| 999 | |c 1214 | ||